Thaumaturga Brunensis = Divotvůrkyně Brněnská /

Další autoři: Sperát, Ivo, 1970-
Jazyk: Čeština
Vydáno: Brno : Ivo Sperát, 2011
Vydání: 1. vyd.
Témata:
Externí odkaz: Digitalizovaný dokument
Fyzický popis: 101 s. : il. (některé barev.), faksim. ; 21 cm
Language note: Pouze český text
Knihy
Uloženo v:
LEADER 02931nam a2200721 a 4500
001 nkc20112173874
003 CZ PrNK
005 20130613081237.0
007 ta
008 110310s2011 xr ah e 000 0 cze
015 |a cnb002173874 
020 |a 978-80-904312-4-9  |q (brož.) 
035 |a (OCoLC)730407941 
040 |a OLA001  |b cze  |d ABA001 
043 |a e-xr---  |b e-xr-jm  |2 czenas 
045 |a u-v- 
072 7 |a 27-5  |x Liturgie. Křesťanské umění a symbolika. Duchovní život  |2 Konspekt  |9 5 
080 |a 27-312.47-526.62/.64  |2 MRF 
080 |a 27-526.62/.64-145.55  |2 MRF 
080 |a 27-526.62  |2 MRF 
080 |a 27-312.47-5  |2 MRF 
080 |a 615.852  |2 MRF 
080 |a 27-145.55  |2 MRF 
080 |a 930.2  |2 MRF 
080 |a (437.322)  |2 MRF 
080 |a (082)  |2 MRF 
245 0 0 |a Thaumaturga Brunensis =  |b Divotvůrkyně Brněnská /  |c editoval Ivo Sperát 
246 3 1 |a Divotvůrkyně Brněnská 
250 |a 1. vyd. 
260 |a Brno :  |b Ivo Sperát,  |c 2011 
300 |a 101 s. :  |b il. (některé barev.), faksim. ;  |c 21 cm 
504 |a Obsahuje bibliografické odkazy 
546 |a Pouze český text 
600 0 7 |a Marie,  |c Panna  |7 ola2002100464  |2 czenas 
600 0 9 |a Mary,  |c Blessed Virgin, Saint  |2 eczenas 
630 0 7 |a Panna Maria Svatotomská (obraz)  |7 unn2009542163  |2 czenas 
648 7 |a 17.-18. století  |7 ch757024  |2 czenas 
650 0 7 |a mariánské obrazy  |7 ph536927  |z Česko  |2 czenas 
650 0 7 |a zázračné obrazy  |7 ph265653  |z Česko  |2 czenas 
650 0 7 |a ikony  |7 ph121033  |2 czenas 
650 0 7 |a mariánský kult  |7 ph122644  |z Česko  |y 17.-18. století  |2 czenas 
650 0 7 |a zázračná uzdravení  |7 ph135118  |z Česko  |y 17.-18. století  |2 czenas 
650 0 7 |a zázraky  |7 ph116811  |z Česko  |y 17.-18. století  |2 czenas 
650 0 7 |a historické prameny  |7 ph114671  |z Česko  |y 17.-18. století  |2 czenas 
650 0 9 |a pictures of the Virgin Mary  |z Czechia  |2 eczenas 
650 0 9 |a marvellous icons  |z Czechia  |2 eczenas 
650 0 9 |a icons  |2 eczenas 
650 0 9 |a Marian cult  |z Czechia  |y 17th-18th centuries  |2 eczenas 
650 0 9 |a miraculous recoveries  |z Czechia  |y 17th-18th centuries  |2 eczenas 
650 0 9 |a miracles  |z Czechia  |y 17th-18th centuries  |2 eczenas 
650 0 9 |a historical sources  |z Czechia  |y 17th-18th centuries  |2 eczenas 
651 7 |a Brno (Česko)  |7 ge134084  |2 czenas 
651 9 |a Brno (Czechia)  |2 eczenas 
655 7 |a sborníky  |7 fd163935  |2 czenas 
655 9 |a miscellanea  |2 eczenas 
700 1 |a Sperát, Ivo,  |d 1970-  |7 ola2011638912  |4 edt 
856 4 1 |u https://www.digitalniknihovna.cz/mzk/uuid/uuid:b4491900-5d58-11f0-b784-005056827e52  |y Digitalizovaný dokument  |x NDK 
910 2 |a BOA001  |b 2-1263.774 
990 |a BK 
995 |a 01 
991 |b 201105  |c NOV  |e n 
996 6 |b 2610466248  |c 2-1263.774  |l MZK  |r Sklad / do 1 hodiny  |n 9  |p p.v.  |w 001180573  |u 000010  |a 1  |e BOA001  |j MZK50  |s P 
996 7 |b 2610552437  |c 2-1263.774  |l MZK  |r Sklad / do 1 hodiny  |n 16  |p p.v.  |w 001180573  |u 000020  |a 1  |e BOA001  |j MZK50  |s A